000095506 001__ 95506
000095506 005__ 20210902121731.0
000095506 0247_ $$2doi$$a10.3390/fi12080124
000095506 0248_ $$2sideral$$a119578
000095506 037__ $$aART-2020-119578
000095506 041__ $$aeng
000095506 100__ $$aMoreno-Guerrero, A.J.
000095506 245__ $$aScientific Development of Educational Artificial Intelligence in Web of Science
000095506 260__ $$c2020
000095506 5060_ $$aAccess copy available to the general public$$fUnrestricted
000095506 5203_ $$aThe social and technological changes that society is undergoing in this century are having a global influence on important aspects such as the economy, health and education. An example of this is the inclusion of artificial intelligence in the teaching-learning processes. The objective of this study was to analyze the importance and the projection that artificial intelligence has acquired in the scientific literature in the Web of Science categories related to the field of education. For this, scientific mapping of the reported documents was carried out. Different bibliometric indicators were analyzed and a word analysis was carried out. We worked with an analysis unit of 379 publications. The results show that scientific production is irregular from its beginnings in 1956 to the present. The language of greatest development is English. The most significant publication area is Education Educational Research, with conference papers as document types. The underlying organization is the Open University UK. It can be concluded that there is an evolution in artificial intelligence (AI) research in the educational field, focusing in the last years on the performance and influence of AI in the educational processes.
000095506 540__ $$9info:eu-repo/semantics/openAccess$$aby$$uhttp://creativecommons.org/licenses/by/3.0/es/
000095506 592__ $$a0.434$$b2020
000095506 593__ $$aComputer Networks and Communications$$c2020$$dQ2
000095506 655_4 $$ainfo:eu-repo/semantics/review$$vinfo:eu-repo/semantics/publishedVersion
000095506 700__ $$aLopez-Belmonte, J.
000095506 700__ $$aMarin-Marin, J.A.
000095506 700__ $$0(orcid)0000-0003-2033-9792$$aSoler-Costa, R.$$uUniversidad de Zaragoza
000095506 7102_ $$14001$$2215$$aUniversidad de Zaragoza$$bDpto. Ciencias de la Educación$$cÁrea Didáctica y Organiz. Esc.
000095506 773__ $$g12, 8 (2020), 124 [17 pp]$$tFUTURE INTERNET$$x1999-5903
000095506 8564_ $$s1273748$$uhttps://zaguan.unizar.es/record/95506/files/texto_completo.pdf$$yVersión publicada
000095506 8564_ $$s492264$$uhttps://zaguan.unizar.es/record/95506/files/texto_completo.jpg?subformat=icon$$xicon$$yVersión publicada
000095506 909CO $$ooai:zaguan.unizar.es:95506$$particulos$$pdriver
000095506 951__ $$a2021-09-02-09:36:11
000095506 980__ $$aARTICLE